| 000 | 01899cam a2200445 a 4500 | ||
|---|---|---|---|
| 001 | 12399127 | ||
| 003 | EG-ScBUE | ||
| 005 | 20220313122736.0 | ||
| 008 | 010504s2001 nyu f 000 1 eng d | ||
| 020 | _a0374527857 | ||
| 020 | _a9780374527853 | ||
| 040 |
_aDLC _beng _erda _cDLC _dDLC _dEG-ScBUE |
||
| 041 | 1 |
_aeng _hfre |
|
| 043 | _aa-fr--- | ||
| 082 | 0 | 4 |
_a843.912 _222 _bCOL |
| 100 | 0 |
_aColette, _d1873-1954, _eauthor. _924885 |
|
| 240 | 1 | 0 |
_aSelections. _lEnglish |
| 245 | 1 | 0 |
_aGigi ; Julie de Carneilhan ; Chance Acquaintances / _cColette ; translated from the French by Roger Senhouse and Patrick Leigh Fermor ; introduction by Judith Thurman. |
| 264 | 1 |
_aNew York : _bFarrar, Straus and Giroux, _c2001. |
|
| 300 |
_axxiv, 309 pages ; _c21 cm |
||
| 336 |
_2rdacontent _atext _btxt |
||
| 337 |
_2rdamedia _aunmediated _bn |
||
| 338 |
_2rdacarrier _avolume _bnc |
||
| 505 | _a Gigi -- Julie de Carneilhan -- Chance Acquaintances | ||
| 546 | _aText in English ; translated from the French language. | ||
| 600 | 0 | 0 |
_aColette, _d1873-1954 _vTranslations into English. _924886 |
| 650 | _2BUEsh | ||
| 651 | 7 |
_aFrance _xSocial life and customs _vFiction. _2BUEsh _933934 |
|
| 653 |
_cJune2011 _bHHUUEENN |
||
| 655 |
_vReading book _934232 |
||
| 700 | 1 |
_aSenhouse, Roger, _etranslator. _924887 |
|
| 700 | 1 |
_aFermor, Patrick Leigh. _924888 |
|
| 740 | 0 | 2 | _aJulie de Carneilhan. |
| 740 | 0 | 2 | _aChance acquaintances. |
| 740 | 0 | 2 | _aGigi |
| 856 | 4 | 2 |
_3Contributor biographical information _uhttp://www.loc.gov/catdir/bios/hol051/2001033697.html |
| 856 | 4 | 2 |
_3Publisher description _uhttp://www.loc.gov/catdir/description/hol021/2001033697.html |
| 942 |
_2ddc _cBB |
||
| 999 |
_c15567 _d15567 |
||